000 00670nam a2200193 i 4500
001 bg
245 0 0 _aFlora słodkowodna Polski.
_pXanthophyceae-Różnowiciowe : Chrysophyta III /
_cKarol Starmach ; Polska Akademia Nauk. Instytut Botaniki.
260 _aWarszawa ;
_aKraków :
_bPańst. Wydaw. Naukowe,
_c1968.
300 _a393, [1] s. :
_brys. ;
_c22 cm.
504 _aBibliogr. s. 370-374. - Indeks.
650 9 _aGlony
_xsystematyka
_zPolska
650 9 _aWody śródlądowe
_xflora
_xsystematyka
_zPolska
700 1 _aSTARMACH, Karol.
040 _cBPK
041 0 _apl
080 _a582.2(083.8)(438)
942 _cKS
008 s pl f |000 0 pol
999 _c30642
_d30642
856 _uhttp://koha.tu.koszalin.pl/cgi-bin/koha/opac-detail.pl?biblionumber=30642
_yKatalog online BPK